| 000 | 01424nmm a2200481 a 4500 | ||
|---|---|---|---|
| 003 | AR-BaBNM | ||
| 005 | 20251128204201.0 | ||
| 008 | 025019s1977 ||||||||||||||000 | spa|| | ||
| 040 | _cAR-BaBNM | ||
| 100 | 1 | _aFine, Peter | |
| 245 | 1 | 0 | _aLa sordera en la primera y segunda infancia |
| 260 |
_aBuenos Aires _bEditorial Médica Panamericana _c1977 |
||
| 300 | 0 |
_a164 p. _bgráfs., il. |
|
| 500 | 0 | _aTítulo original: Deafness in infancy and early chilhood | |
| 500 | 0 | _aTraducido por Irma Lorenzo | |
| 500 | 0 | _aPrólogo de Julio Bernaldo de Quirós | |
| 504 | _aContiene bibliografía | ||
| 600 | 1 | 4 | _aMerill, Edward C. |
| 600 | 1 | 4 | _aDenis, Taras B. |
| 600 | 1 | 4 | _aRubén, Robert J. |
| 600 | 1 | 4 | _aAlshuler, Kenneth |
| 600 | 1 | 4 | _aVernon, Mccay |
| 600 | 1 | 4 | _aDenton, David M. |
| 600 | 1 | 4 | _aBrill, Richard G. |
| 600 | 1 | 4 | _aKent, Margaret S. |
| 600 | 1 | 4 | _aSwaiko, Nancy M. |
| 600 | 1 | 4 | _aNewman, Lawrence |
| 600 | 1 | 4 | _aFant, Louie J. |
| 600 | 1 | 4 | _aSchuchman, John S. |
| 650 | 4 | _aEDUCACION ESPECIAL | |
| 650 | 4 | _aDIFICULTADES EN EL APRENDIZAJE | |
| 650 | 4 | _aTRATAMIENTO MEDICO | |
| 650 | 4 | _aDIAGNOSTICO MEDICO | |
| 650 | 4 | _aPSICOTERAPIA | |
| 650 | 4 | _aDESARROLLO MENTAL | |
| 650 | 4 | _aPSICOLINGUISTICA | |
| 650 | 4 | _aPROGRAMAS DE RECUPERACION | |
| 650 | 4 | _aDESARROLLO DEL LENGUAJE | |
| 653 | _aDISCAPACIDAD AUDITIVA | ||
| 653 | _aDISCAPACIDAD MOTORA | ||
| 942 | _cBK | ||
| 998 | _cGrace | ||
| 999 |
_c6508 _d6508 |
||